logo

Bir Sreshtho Munshi Abdur Rouf Library
Jhenaidah Cadet College

A Society for International Development : (Record no. 8826)

MARC details
000 -LEADER
fixed length control field 01386pam a2200325 a 4500
001 - CONTROL NUMBER
JCCL Control Number 8826
003 - CONTROL NUMBER IDENTIFIER
JCCL marc code BD-JhCC
005 - DATE AND TIME OF LATEST TRANSACTION
control field 20180304132458.0
008 - FIXED-LENGTH DATA ELEMENTS--GENERAL INFORMATION
fixed length control field 830909s1983 ncu b 101 0 eng
020 ## - INTERNATIONAL STANDARD BOOK NUMBER
International Standard Book Number 0822305623 (pbk. : alk. paper) :
Terms of availability $9.75 (est.)
020 ## - INTERNATIONAL STANDARD BOOK NUMBER
International Standard Book Number 0822305615 (hard : alk. paper) :
Terms of availability $28.75 (est.)
035 ## - SYSTEM CONTROL NUMBER
system control number (BD-JhCC)8826
040 ## - CATALOGING SOURCE
Original cataloging agency DLC
Transcribing agency DLC
Modifying agency DLC
-- BD-JhCC
041 ## - LANGUAGE CODE
Language code of Book eng
050 00 - LIBRARY OF CONGRESS CALL NUMBER
Classification number HD73
Item number .S65 1983
082 00 - DEWEY DECIMAL CLASSIFICATION NUMBER
Classification number 338.9
DDC Edition number 19
Author mark and Year SOC 1983
245 02 - TITLE STATEMENT
Title A Society for International Development :
Remainder of title prospectus 1984 /
Statement of responsibility, etc Ann Mattis, editor.
260 ## - PUBLICATION, DISTRIBUTION, ETC. (IMPRINT)
Place of publication, distribution, etc Durham, N.C. :
Name of publisher, distributor, etc Published by Duke University Press in collaboration with the Society for International Development,
Date of publication, distribution, etc 1983.
300 ## - PHYSICAL DESCRIPTION
Pagination xx, 248 p. ;
Dimensions 24 cm.
440 #0 -
Title Duke Press policy studies,
500 ## - GENERAL NOTE
General note Selected proceedings from the 25th anniversary world conference of the Society for International Development held in July 1982 in Baltimore, Md.
500 ## - GENERAL NOTE
General note "A special double issue of Development, seeds of change, village through global order, 1983:3 and 4"--P. [ii]
504 ## - BIBLIOGRAPHY, ETC. NOTE
Bibliography, etc Includes bibliographical references and index.
650 #0 - SUBJECT ADDED ENTRY--TOPICAL TERM
Topical term or geographic name as entry element Economic development
General subdivision Congresses.
700 1# - ADDED ENTRY--PERSONAL NAME
Personal name Mattis, Ann,
Dates associated with a name 1954-
710 2# - ADDED ENTRY--CORPORATE NAME
Corporate name or jurisdiction name as entry element Society for International Development.
730 0# - ADDED ENTRY--UNIFORM TITLE
Uniform title Development, seeds of change, village through global order.
942 ## - ADDED ENTRY ELEMENTS (KOHA)
Source of classification or shelving scheme Dewey Decimal Classification
Koha item type Books
Holdings
Source of classification or shelving scheme Damaged status Not for loan Home library Current library Shelving location Total Checkouts Full call number Barcode Date last seen Copy number Koha item type
Dewey Decimal Classification     JCC Rouf Library JCC Rouf Library General Stacks   338.9 SOC 1983 11743 03/04/2018 C - 1 Books

JCC Library | Contacts | JCC Home

Last Update on 23 September 2017
Copyright @ 2017-2020 JCC Rouf Library
Rouf Library, Jhenidah Cadet College (JCC), Bangladesh